00756naa a2200169 i 450000100060000000300090000600500170001500800410003204000290007308000070010210000960010924500870020565500300029277302340032294200130055699900170056910514KOSZ 00520180425150432.0180425s1996 pl ||||f |||| 10| 0 pol d cKOSZ 005/ARaKOSZ 005/AR a371 aMAZUREK, Jolanta.bPolitechnika Koszalińska - Instytut Zarządzania i Marketingu.d1995-10aStan środowiska przyrodniczego Koszalina /cJolanta Mazurek, Katarzyna Wojewoda. 0aMateriały konferencyjne.0 iW : tProblemy rozwoju społeczno-gospodarczego w procesie restrukturyzacji Pomorza Środkowego / red. nauk. Michał Jasiulewicz, Bogusław Polak. -dKoszalin : Wydaw. Uczelniane Politechniki Koszalińskiej, 1996. -gs. 435-449 cROZ2UKD c10514d10514